000 00320nam a22001337a 4500
020 _a978-93-82776-01-7
082 _a'894.812
_bNAL/A
100 _aSUDHAKARAN NAALANCHIRA
245 _aABHINAVA GANITHA PRASHNOTHARI
260 _aTHRICHUR
_bH & C BOOKS
_c2013
300 _a80
650 _aEAY MATHS
_zKERALA
942 _cBK
999 _c1022
_d1022